000 00998nas a2200313 4500
001 BR0100783
003 BR-BrBNA
005 20231205102058.0
007 ta
008 230509b bl.|||p| |||| 00| 00por d
040 _aBR-BrBNA
_bpor
_cBiblioteca Nacional de Agricultura
041 _a(Pt)
072 _aL72
100 1 _aKasai, N.
100 1 _aLabruna, M.B.
100 1 _aPires, A.V.
100 1 _aLouvandini, H.
100 1 _aAbdalla, A.L.
100 1 _aGennari, S.G.
245 1 _aDinamica populacional de Boophilus microplus (Canestrini, 1887)em bovinos leiteiros mantidos em manejo de pastejo rotativo de capim-elefante
650 _aGado Leiteiro
650 _aCarrapato
650 _aPastejo
650 _aCapim Elefante
650 _aDinamica Populacional
773 0 _tArquivo Brasileiro de Medicina Veterinaria e Zootecnia (Brazil)
_xISSN 0102-0935
_g(Oct 2000), v. 52(5) p. 453-458
_wBR0100783
909 _a202311
_bLúcia
_c55
_dLúcia Elande
942 _2AGRIS
_n0
_cANA
999 _c165631
_d165631